UITU Library & LRC     

Web Based Journals Recommender System (Record no. 32497)

MARC details
000 -LEADER
fixed length control field 00641nam a2200157Ia 4500
008 - FIXED-LENGTH DATA ELEMENTS--GENERAL INFORMATION
fixed length control field 260210s9999 xx 000 0 und d
024 ## - OTHER STANDARD IDENTIFIER
Standard number or code 18B-014-CS, 18B-054-CS, 18B-006-CS, 17B-039-CS & 18B-090-CS
082 ## - DEWEY DECIMAL CLASSIFICATION NUMBER
Classification number 004.1072 KHU
100 ## - MAIN ENTRY--PERSONAL NAME
Personal name Kainat Khursheed, Muhammad Sohaib, Shaheer Ahmed & Syed Shah Abdul Rehman Warsi
110 ## - MAIN ENTRY--CORPORATE NAME
Corporate name or jurisdiction name as entry element Dr. Sharaf Hussain
245 #0 - TITLE STATEMENT
Title Web Based Journals Recommender System
260 ## - PUBLICATION, DISTRIBUTION, ETC.
Place of publication, distribution, etc. Karachi:
Name of publisher, distributor, etc. UITU,
Date of publication, distribution, etc. 2018
600 ## - SUBJECT ADDED ENTRY--PERSONAL NAME
Personal name Computer Science
650 ## - SUBJECT ADDED ENTRY--TOPICAL TERM
Topical term or geographic name entry element Bachelor of Engineering (BE)
856 ## - ELECTRONIC LOCATION AND ACCESS
Uniform Resource Identifier <a href="https://drive.google.com/file/d/1Ne6k9VDRLOn3ZRDb_erDTES0M69Yz70_/view?usp=sharing">https://drive.google.com/file/d/1Ne6k9VDRLOn3ZRDb_erDTES0M69Yz70_/view?usp=sharing</a>
Link text Click here for PDF

No items available.

Powered by Koha